COMPUTER BASIC AND C PROGRAMMING (Record no. 5554)

MARC details
000 -LEADER
fixed length control field 00407nam a22001577a 4500
005 - DATE AND TIME OF LATEST TRANSACTION
control field 20170909121643.0
008 - FIXED-LENGTH DATA ELEMENTS--GENERAL INFORMATION
fixed length control field 170909b xxu||||| |||| 00| 0 eng d
020 ## - INTERNATIONAL STANDARD BOOK NUMBER
ISBN 978-81-203-3343-7
041 ## - LANGUAGE CODE
Language code of text/sound track or separate title eng
082 ## - DEWEY DECIMAL CLASSIFICATION NUMBER
Classification number 005.133
100 ## - MAIN ENTRY--AUTHOR NAME
Personal name RAJARAMAN, V.
245 ## - TITLE STATEMENT
Title COMPUTER BASIC AND C PROGRAMMING
Statement of responsibility, etc V. RAJARAMAN
260 ## - PUBLICATION, DISTRIBUTION, ETC. (IMPRINT)
Place of publication DELHI
Name of publisher PHI LEARNING AND PVT LTD
Year of publication 2008
300 ## - PHYSICAL DESCRIPTION
Number of Pages 430p.
942 ## - ADDED ENTRY ELEMENTS (KOHA)
Koha item type Books
Holdings
Lost status Damaged status Collection code Home library Current library Shelving location Date acquired Source of acquisition Cost, normal purchase price Full call number Accession Number Koha item type
    CS/IT JRU Library JRU Library SHELF-50-D 09/09/2017 PURCHESS 325.00 005.133 21902 Books
    CS/IT JRU Library JRU Library SHELF-50-D 25/09/2017 Purchase 325.00 005.133 22101 Books
    AGRICULTURE JRU Library JRU Library SHELF - 12 - E 25/09/2017 Purchase 325.00 005.133 22102 Books
    CS/IT JRU Library JRU Library SHELF-50-D 25/09/2017 Purchase 325.00 005.133 22100 Books